000 00811nam a2200217Ia 4500
003 GCL
008 140319s9999 xx 000 0 ara d
020 _a3020419977
040 _aGCL /
_cGCL
082 0 4 _a327.1747
_bم ا
100 1 _aممدوح حامد عطية
245 1 0 _aاخلاء منطقة الشرق الاوسط من اسلحة الدمار الشامل /
_cممدوح حامد عطية
260 _aالقاهرة :
_bالهيئة المصرية العامة للكتاب ،
_c2005
300 _a316 ص ؛
_c24 سم
650 0 4 _aنزع السلاح
650 0 4 _aالاسلحة الكيميائية
650 0 4 _aالاسلحة النووية
650 0 4 _aالعالم العربى - الاسلحة النووية
650 0 4 _aاسلحة الدمار الشامل
942 _2ddc
_cBK
999 _c8741
_d8741